| 000 | 01134nam0a2200337 i 4500 | ||
|---|---|---|---|
| 001 | RU\NLR\BIBL_A\010194673 | ||
| 005 | 20240921121554.0 | ||
| 010 |
_a9785751611880 _93000 |
||
| 021 |
_aRU _b2013-104820 _97280 |
||
| 035 | _a(NILC)RuMoRGB-006718746 | ||
| 035 | _a(NLR Aleph) 010194673 | ||
| 090 |
_a10215523 _c10215523 |
||
| 100 | _a20140226d2013 um y0rusy50 ca | ||
| 101 | 1 |
_arus _cger |
|
| 102 | _aRU | ||
| 105 | _ay|||z|||000ay | ||
| 200 | 1 |
_aВзлетают голуби _eроман _fМелинда Надь Абони _gпер. с нем. Ю. Гусева |
|
| 210 |
_aМосква _cТекст _d2013 |
||
| 215 |
_a314, [2] с. _d20 |
||
| 225 | 1 | _aПервый ряд | |
| 225 | 1 | _aСовременная зарубежная проза | |
| 675 | _a821.112.2(494)-31 | ||
| 686 | 1 | _aШ6(4Ш)167-4(Лх1398) | |
| 700 | 1 |
_7ca _8rus _aНадь Абони _bМ. _f1968- _gМелинда _9145369 _3RU\NLR\AUTH\770145405 |
|
| 801 | 0 |
_aRU _bRuMoRKP _c20131223 _gRCR |
|
| 801 | 2 |
_aRU _bРГБ _c20140120 _grcr |
|
| 942 | _cBOOK | ||
| 980 | _aNBR | ||